000 00975nam a22002297a 4500
999 _c20958
_d20958
003 AR-CdUCM
008 190610b ||||| |||| 00| 0 spa d
040 _aMUNICIPALIDAD PROVINCIAL DEL CUSCO
_cBIBLIOTECA MUNICIPAL DEL CUSCO
082 _a574 /
_bB54
110 _aConsejo Nacional para la Enseñanza de la Biología, A. C. y Biological Sciences Curriculum Study
_943731
245 _aBiología :
_bInteracción de experimentos e ideas /
260 _aMéxico :
_bLimusa,
_c1974.
300 _a464 páginas ;
_bIlustraciones
_c24.5 cm.
500 _a[libro reempastado]
505 _aContenido: El nacimiento de las ciencias -- Las ciencias biológicas -- Normas para citar bibliografía -- Métodos para la investigación científica...
650 _aCiencia biológica
_943732
650 _aExperimentos
_92381
650 _aMétodos de investigación
_914974
700 _aAnaya, Ana Luisa, Guevara, Sergio y otros
_943733
942 _2ddc
_cLIBROS
945 _aAndy